000 00351nam a2200133Ia 4500
008 240624s9999 xx 000 0 und d
041 _aeng
082 _a300.1 FOX
100 _aFOX JOHN
245 _aAPPLIED REGRESSION ANALYSIS AND GENERALI
260 _c2008
_aNew Delhi
_bSage Publications
300 _axxi, : 665 : p. : cm. ; 26
365 _c
_b30
999 _c12927
_d12927